000 00487nam a22001697a 4500
005 20210914120718.0
008 180411b ||||| |||| 00| 0 eng d
020 _a 9788174733689
040 _cc
082 _a610.28 DAT
100 _aDatta ,Chandrani Sanyal
_97319
245 _aEssentials Of Biomedical Instruments And Techniques /
_cChandrani Sanyal Datta
260 _aNew Delhi :
_bA.I.T.B.S.
_c2008.
300 _a100 p. ;
_c24 cm.
500 _aPaperback.
942 _2ddc
_cBK
999 _c478207
_d478207